Pays parlant espagnol - Statistiques

Statistiques générales
  • Ce quiz a été pris 1 554 fois
    1 551 depuis la dernière actualisation
  • Le résultat moyen est 15 sur 20
Statistiques - réponses
Réponse % Correct
Espagne
98%
Argentine
93%
Colombie
89%
Mexique
89%
Chili
88%
Uruguay
85%
Pérou
83%
Vénézuela
82%
Paraguay
81%
Bolivie
78%
Equateur
78%
Cuba
76%
Costa Rica
73%
Panama
72%
Guatemala
68%
Honduras
68%
Nicaragua
67%
Salvador
63%
République Dominicaine
52%
Guinée Equatoriale
25%
Aucun quiz correspondant
Distribution des résultats
% des personnes avec chaque résultat
Percentile par nombre de réponses
Votre historique - résultats
Vous n’avez pas pris ce quiz depuis la dernière actualisation